| 000 | 01303nam a22003377a 4500 | ||
|---|---|---|---|
| 001 | 2069409 | ||
| 003 | OSt | ||
| 005 | 20210426125206.0 | ||
| 008 | 940621s1994 enkab b 000 0 eng | ||
| 010 | _a 94026509 | ||
| 020 | _a0198661592 (acidfree) : | ||
| 040 |
_aDLC _cDLC _dDLC _beng |
||
| 041 | _aeng | ||
| 050 | 0 | 0 |
_aTP548 _b.O76 1994 |
| 080 |
_a663.2 _bR-67 |
||
| 082 | 0 | 0 |
_a641.2/2 _220 |
| 100 |
_9741 _aRobinson, Jancis _eEditor |
||
| 245 | 0 | 4 |
_aThe Oxford companion to wine / _cedited by Jancis Robinson. _b/ by: Oxford University Press |
| 260 |
_aOxford ; _aNew York _bOxford University Press _c1994. |
||
| 300 |
_axvi, 1088 p. _bill. (some col.), maps _c26 cm. |
||
| 365 | _b45.95 usd | ||
| 504 | _aIncludes bibliographical references. | ||
| 650 | 0 | _aWine and wine making. | |
| 653 | _aმეღვინეობა | ||
| 700 | 1 |
_aRobinson, Jancis. _eEditor |
|
| 856 | 4 | 2 |
_3Publisher description _uhttp://www.loc.gov/catdir/enhancements/fy0635/94026509-d.html |
| 856 | 4 | 2 |
_3Contributor biographical information _uhttp://www.loc.gov/catdir/enhancements/fy0722/94026509-b.html |
| 906 |
_a7 _bcbc _corignew _d1 _eocip _f19 _gy-gencatlg |
||
| 942 |
_2udc _cBK |
||
| 999 |
_c1087 _d1087 |
||